| 000 | 01435nam a2200265Ia 4500 | ||
|---|---|---|---|
| 003 | Ost | ||
| 005 | 20260507075416.0 | ||
| 008 | 260507s9999||||xx |||||||||||||| ||und|| | ||
| 020 | _a209799579 | ||
| 040 | _cfsecg | ||
| 041 | _aara | ||
| 082 | _a330 | ||
| 100 |
_aجفال، عبد الحميد _eمؤلف |
||
| 245 | 0 |
_aالتنمية الصحية وعلاقتها بالتنمية البشرية / _c عبد الحميد جفال |
|
| 260 |
_aعمان: _bدار الايام, _c2015 |
||
| 300 |
_a279 صفحة؛ _bإيضاحات ؛ _c24 سم |
||
| 504 | _aالمراجع ص.257 | ||
| 520 | _aيضم التنمية البشرية ومراحل تطور نشأتها والأسس الايديولوجية لإستراتيجية التنمية في الجزائر، بداية الاهتمام بالتنمية الصحية والتخطيط الاستراتيجي لها في الجزائر، الإطار المنهجي للدراسة، تحليل واع التنمية الصحية ومستوى البرامج التنموية الأخيرة في الجزائر، تحليل طبيعة العلاقة بين التنمية الصحية والتنمية البشرية. | ||
| 653 | _aالتنمية | ||
| 653 | _aالتنمية الإجتماعية | ||
| 653 | _aالتنمية- الجزائر | ||
| 653 | _aالتنمية- الصحة | ||
| 700 |
_aعمار، سيدي دريس _eمؤلف ثانوي |
||
| 942 | _cكتاب | ||
| 999 |
_c44446 _d44446 |
||